|
|
|
|
| LEADER |
00000nab a2200000 a 4500 |
| 001 |
vtls000918927 |
| 003 |
SK-MaSNL |
| 005 |
20260303034257.0 |
| 008 |
040720e19931130xo 0 slo |
| 035 |
|
|
|a KE27804
|
| 040 |
|
|
|a KEVKJB
|b slo
|c KEVKJB
|e AACR2
|
| 041 |
0 |
|
|a slo
|
| 044 |
|
|
|a xo
|c SK
|
| 080 |
|
|
|a 362.5
|2 1981
|
| 100 |
1 |
|
|a Hutňan, Marián
|4 aut
|9 838495
|
| 245 |
1 |
0 |
|a Ak zazvoní opitý azylant, pokojne sa môže otočiť a...
|b Zostáva už len holé nebo
|
| 610 |
2 |
7 |
|a Azylový dom (Košice, Slovensko)
|2 KEVKJB
|9 883432
|
| 650 |
0 |
7 |
|a bezdomovci
|2 KEVKJB
|9 23044
|
| 650 |
0 |
7 |
|a azylové domy
|2 snkbucl
|9 2399
|
| 650 |
0 |
7 |
|a reportáže
|2 KEVKJB
|9 75670
|
| 773 |
0 |
8 |
|t Lúč
|g Roč. 2, č.279, 30.11.1993, s. 5
|
| 852 |
|
|
|a ZVYKNI
|b KIS3GCP
|
| 999 |
|
|
|c 1672980
|d 1674910
|